书目信息 |
| 题名: |
波动光学
|
|
| 作者: | 久保田广 著 ;刘瑞祥 译 | |
| 分册: | ||
| 出版信息: | 北京 科学出版社 1983.2 |
|
| 页数: | 629页 | |
| 开本: | 20cm | |
| 丛书名: | ||
| 单 册: | ||
| 中图分类: | O431 | |
| 科图分类: | ||
| 主题词: | 光本性--理论 | |
| 电子资源: | ||
| ISBN: | ||
| 000 | 00599nam0 2200217 45 | |
| 001 | 0312221749 | |
| 005 | 20041224100418.6 | |
| 010 | @dCNY3.10 | |
| 091 | @a15031.467 | |
| 100 | @a20031222d1983 km y0chiy0120 ea | |
| 101 | @achi@cjpn | |
| 105 | @a z 000yy | |
| 200 | 1 | @a波动光学@ABo Dong Guang Xue@f(日)久保田广著@F(Ri)Jiu Bao Tian Guang Zhu@g刘瑞祥译 |
| 210 | @a北京@c科学出版社@d1983.2 | |
| 215 | @a629页@d20cm | |
| 606 | 0 | @a光本性@x理论 |
| 690 | @aO431@v3 | |
| 701 | 0 | @a久保田广@4著 |
| 702 | 0 | @a刘瑞祥@ALiu Rui Xiang@4译 |
| 801 | @aCN@bTSTCL@c20031222 | |
| 905 | @dO431@e22@f1@b105368 | |
| 波动光学/(日)久保田广著/刘瑞祥译.-北京:科学出版社,1983.2 |
| 629页;20cm |
| ISBN :CNY3.10 |
| ● |
| 相关链接 |
|
|
|
|
正题名:波动光学
索取号:O431/22
 
预约/预借
| 序号 | 登录号 | 条形码 | 馆藏地/架位号 | 状态 | 备注 |
| 1 | 0082784 | 001463286 | 第三借阅区/ [索取号:O431/22] | 在馆 | |
| 2 | 0082785 | 001463277 | 第二样本阅览室/ [索取号:O431/22] | 在馆 | |
| 3 | 0105367 | 001463268 | 第三借阅区/ [索取号:O431/22] | 在馆 | |
| 4 | 0105368 | 001971753 | 第三借阅区/ [索取号:O431/22] | 在馆 |